|
|
|
|
| LEADER |
00000nam a2200000 a 4500 |
| 001 |
UCV9417 |
| 003 |
CL-VaPUC |
| 008 |
920922e19860000SP |||||||||||||||||spa|d |
| 082 |
0 |
4 |
|a 843
|b ALV
|2 21
|
| 100 |
0 |
|
|a Alvar, Carlos
|e author
|9 303426
|
| 245 |
1 |
3 |
|a La búsqueda del santo Grial
|
| 300 |
|
|
|a 263 p
|
| 942 |
|
|
|c BK
|
| 945 |
|
|
|d 19920922 00:00:00
|
| 260 |
|
|
|a Madrid
|b Alianza
|c 1986
|
| 650 |
|
7 |
|a GRIAL
|2 CL-VaPUC
|9 268118
|
| 650 |
|
7 |
|a NOVELA FRANCESA
|2 CL-VaPUC
|9 303427
|
| 650 |
|
0 |
|a Caballeros y caballería
|9 266046
|
| 583 |
|
|
|a last modification
|c 19920922 00:00:00
|k Rodrigo Vera
|
| 999 |
|
|
|c 214759
|d 214757
|
| 952 |
|
|
|0 0
|1 0
|4 0
|6 843_000000000000000_ALV_1986
|7 0
|8 A
|9 198458
|a BIBARQ
|b BIBARQ
|d 2019-11-14
|i 2659131
|o 843 ALV 1986
|p 2659131
|r 2025-01-20
|w 2019-11-14
|y BK
|k ARQ
|